000 00420nam a2200133Ia 4500
008 230917s9999||||xx |||||||||||||| ||und||
040 _e107425
_aMAIN
041 _aEnglish
082 _a615.842 S61E
100 _aSingh, Harmeet
245 0 _aEvoluation of proteolytic erizymes (Trypsin, chymotryprin and papain) as radiation effect modifies in locally advanced head and neck Cancers
300 _a166 p.
942 _cTH
999 _c89478
_d89478